000 01141cam a2200289 a 4500
001 000010026
003 DO-SdBNP
005 20251028135626.0
008 930824s1992 ve ab b 001 0 spa
020 _a9802595004
040 _aDO-SdBNP
_cDLC
_dDLC
082 _a918.7
_bL935f
100 1 _aLucena Giraldo, Manuel.
_924974
245 1 3 _aLa frontera caribica :
_bExpedición de Límites al Orinoco, 1754/1761 /
_cManuel Lucena Giraldo, Antonio E. de Pedro.
260 _aCaracas :
_bLagoven,
_c[1992].
300 _a119 p. :
_bill., maps ;
_c21 cm.
490 1 _aCuadernos Lagoven
_aMedio milenio
504 _aIncluye referencias bibliográficas e índices
611 2 0 _aExpedición de limítes orinoco
_d(1754-1761)
_924977
650 4 _aDescubrimientos en geografía
_924978
651 4 _aExpedición Al Orinoco (Venezuela y Colombia)
_y1754-1761
_xDescubrimientos y expediciones
_924975
651 4 _aAmérica Del Sur
_xDescripciones y viajes
_y1754-1761
_924976
700 1 _aPedro, Antonio E. de,
_d1957-
_924979
830 0 _aCuadernos Lagoven,
_pMedio milenio.
_96272
910 _aCatalogación por copia / LC
942 _2ddc
_cLBS1
999 _c9785
_d9785